| 000 | 01154nam a2200301 i 4500 | ||
|---|---|---|---|
| 003 | DO-SdBNP | ||
| 005 | 20250205092106.0 | ||
| 007 | ta | ||
| 008 | 110413s2004 dr a 000 0 spa d | ||
| 020 | _a9993489115 | ||
| 040 |
_aDO-SdBNP _bspa _cBNPHU _erda |
||
| 082 |
_bR934 _222 |
||
| 100 | 1 |
_aRuiz de Catrain, María Teresa _922649 |
|
| 245 | 1 | 0 |
_aBoabdil : _bla nobleza de un sultán / _cMaría Teresa Ruiz de Catrain ; ilustraciones Omar Alvarez Nadal, Ana Elsa Brea Martí ; presentación Cesar Iván Feris Iglesias |
| 264 | 1 |
_aSanto Domingo : _bEDINDOM, _c2004. |
|
| 300 |
_a119 páginas _bilustraciones _c26 cm. |
||
| 336 |
_2rdacontent _atexto _btxt |
||
| 337 |
_2rdamedia _asin mediación _bn |
||
| 338 |
_2rdacarrier _avolumen _bnc |
||
| 500 | _aIncluye datos biográficos de Boabdil en la página 119. | ||
| 590 | _aInventariado, 2023/ YL | ||
| 700 | 1 |
_aSilié, Rubén, _d1946- _eilustraciones _91421 |
|
| 700 |
_aBrea Martí, Ana Elsa _eilustraciones _984337 |
||
| 700 |
_aFeris Iglesias, Cesar Iván _epresentación _956022 |
||
| 710 |
_aEdiciones Infantiles Dominicanas (EDINDOM) _984338 |
||
| 910 | _aYLockward | ||
| 942 |
_2ddc _cLBS1 |
||
| 999 |
_c55051 _d55051 |
||